000 01010nam a22002297a 4500
999 _c16371
_d16371
005 20251125232845.0
008 s2527 th tha d
040 _aNALT
041 _atha
100 0 _aชุมพล เลิศรัฐการ ณอนาคราชย์
245 1 0 _aคู่มือสอบนิติสาสตร์ภาคบัณฑิต ความรู้เกี่ยวกับกฎหมาย [5th]
260 3 _aกรุงเทพฯ :
_bโรงพิมพ์และทำปกเจริญผล,
_c2527
300 _a264 หน้า ;
_b 26 ซม.
650 0 4 _aกฎหมาย -- ข้อสอบ
650 0 4 _aรัฐธรรมนูญ
650 0 4 _aรัฐธรรมนูญไทย -- 2521
850 _aNALT
856 4 0 _uhttps://hdl.handle.net/20.500.14156/301296
_71
942 _cLB
_2lcc
998 _j25
_k นีลวัสน์ อินทรักษา
090 _aKC31 ช627ค 2527